<?xml version="1.0" encoding="UTF-8"?>
<record
    xmlns:xsi="http://www.w3.org/2001/XMLSchema-instance"
    xsi:schemaLocation="http://www.loc.gov/MARC21/slim http://www.loc.gov/standards/marcxml/schema/MARC21slim.xsd"
    xmlns="http://www.loc.gov/MARC21/slim">

  <leader>02034nas a2200289 i 4500</leader>
  <controlfield tag="005">20260312155116.0</controlfield>
  <controlfield tag="007">ta</controlfield>
  <controlfield tag="008">260312e2022    dr mn|p|r||||||0| | spa d</controlfield>
  <datafield tag="022" ind1=" " ind2=" ">
    <subfield code="a">2811-5058</subfield>
  </datafield>
  <datafield tag="040" ind1=" " ind2=" ">
    <subfield code="c">DO-SdBNP</subfield>
    <subfield code="a">AGN</subfield>
    <subfield code="b">spa</subfield>
    <subfield code="e">rda</subfield>
  </datafield>
  <datafield tag="041" ind1=" " ind2=" ">
    <subfield code="a">spa</subfield>
  </datafield>
  <datafield tag="110" ind1=" " ind2=" ">
    <subfield code="a">Liga Municipal Dominicana</subfield>
    <subfield code="9">2379</subfield>
  </datafield>
  <datafield tag="245" ind1=" " ind2=" ">
    <subfield code="a">Miradas Municipales /</subfield>
    <subfield code="c">Liga Municipal Dominicana</subfield>
  </datafield>
  <datafield tag="264" ind1=" " ind2=" ">
    <subfield code="a">Santo Domingo, Rep&#xFA;blica Dominicana :</subfield>
    <subfield code="b">Liga Municipal Dominicana, </subfield>
    <subfield code="c">2022.</subfield>
  </datafield>
  <datafield tag="300" ind1=" " ind2=" ">
    <subfield code="a">volumen : </subfield>
    <subfield code="b">ilustraciones, fotograf&#xED;as ; </subfield>
    <subfield code="c">26.5 cm. </subfield>
  </datafield>
  <datafield tag="310" ind1=" " ind2=" ">
    <subfield code="a">mensual.</subfield>
  </datafield>
  <datafield tag="336" ind1=" " ind2=" ">
    <subfield code="a">texto </subfield>
    <subfield code="b">txt </subfield>
    <subfield code="2">rdacontent </subfield>
  </datafield>
  <datafield tag="337" ind1=" " ind2=" ">
    <subfield code="a">sin mediaci&#xF3;n </subfield>
    <subfield code="b">n </subfield>
    <subfield code="2">rdamedia</subfield>
  </datafield>
  <datafield tag="338" ind1=" " ind2=" ">
    <subfield code="a">volumen </subfield>
    <subfield code="b">nc </subfield>
    <subfield code="2">rdacarrier</subfield>
  </datafield>
  <datafield tag="362" ind1=" " ind2=" ">
    <subfield code="a">A&#xF1;o 2. No. 2, abril 2022.</subfield>
  </datafield>
  <datafield tag="500" ind1=" " ind2=" ">
    <subfield code="a">Catalogaci&#xF3;n basada en el: A&#xF1;o 2. No. 2, abril 2022.</subfield>
  </datafield>
  <datafield tag="500" ind1=" " ind2=" ">
    <subfield code="a">Indicadores de seguridad y convivencia ciudadana en los territorios.</subfield>
  </datafield>
  <datafield tag="520" ind1=" " ind2=" ">
    <subfield code="a">En junio de 2021 el Gobierno inici&#xF3; el piloto de una nueva estrategia de seguridad para reducir los niveles de criminalidad, denominada Estrategia Integral de Seguridad Ciudadana: Mi Pa&#xED;s Seguro, en l&#xED;nea con la necesidad de que los dominicanos y dominicanas se sientan y habiten en comunidades m&#xE1;s seguras y de pleno disfrute de sus derechos fundamentales. La Estrategia Integral de Seguridad Ciudadana: Mi Pa&#xED;s Seguro, plantea la 
necesidad de establecer un sistema que coordine horizontalmente instituciones y sectores, verticalmente niveles de gobierno (nacional, provincial y local), as&#xED; como esfuerzos de la cooperaci&#xF3;n internacional al desarrollo. Esta estrategia fue definida en el marco del Plan de Seguridad Ciudadana que el Gobierno ha dise&#xF1;ado con el objetivo de construir comunidades pac&#xED;ficas, lo que contribuir&#xE1; a mejorar la calidad de vida de la gente (PNPSP 2021-2024).</subfield>
  </datafield>
  <datafield tag="650" ind1=" " ind2="0">
    <subfield code="a">Liga municipal dominicana</subfield>
    <subfield code="x">Indicadores</subfield>
    <subfield code="9">89204</subfield>
    <subfield code="v">Publicaciones peri&#xF3;dicas </subfield>
  </datafield>
  <datafield tag="856" ind1=" " ind2=" ">
    <subfield code="y">https://lmd.gob.do/transparencia/phocadownload/Planificacion/2022/Publicaciones/Miradas%20Municipales%20abril%202022.pdf</subfield>
  </datafield>
  <datafield tag="942" ind1=" " ind2=" ">
    <subfield code="2">ddc</subfield>
    <subfield code="c">ISSUE</subfield>
  </datafield>
  <datafield tag="952" ind1=" " ind2=" ">
    <subfield code="0">0</subfield>
    <subfield code="1">0</subfield>
    <subfield code="2">ddc</subfield>
    <subfield code="4">0</subfield>
    <subfield code="5">6</subfield>
    <subfield code="7">0</subfield>
    <subfield code="8">SE</subfield>
    <subfield code="a">BNPHU</subfield>
    <subfield code="b">BNPHU</subfield>
    <subfield code="d">2026-03-12</subfield>
    <subfield code="h">A&#xF1;o 2. No. 2, abril 2022</subfield>
    <subfield code="l">0</subfield>
    <subfield code="p">2026-2135</subfield>
    <subfield code="r">2026-03-12</subfield>
    <subfield code="t">e.1</subfield>
    <subfield code="w">2026-03-12</subfield>
    <subfield code="y">ISSUE</subfield>
  </datafield>
  <datafield tag="952" ind1=" " ind2=" ">
    <subfield code="0">0</subfield>
    <subfield code="1">0</subfield>
    <subfield code="2">ddc</subfield>
    <subfield code="4">0</subfield>
    <subfield code="5">6</subfield>
    <subfield code="7">0</subfield>
    <subfield code="8">SE</subfield>
    <subfield code="a">BNPHU</subfield>
    <subfield code="b">BNPHU</subfield>
    <subfield code="d">2026-03-12</subfield>
    <subfield code="h">A&#xF1;o 2. No. 2, abril 2022</subfield>
    <subfield code="l">0</subfield>
    <subfield code="p">2026-2136</subfield>
    <subfield code="r">2026-03-12</subfield>
    <subfield code="t">e.2</subfield>
    <subfield code="w">2026-03-12</subfield>
    <subfield code="y">ISSUE</subfield>
  </datafield>
  <datafield tag="999" ind1=" " ind2=" ">
    <subfield code="c">60499</subfield>
    <subfield code="d">60499</subfield>
  </datafield>
</record>
